000 00509nam a2200217Ia 4500
003 OSt
005 20220924142434.0
006 a|||||r|||| 00| 0
007 ta
008 220923b |||||||| |||| 00| 0 ben d
024 _a301918
037 _cTextual
040 _aARTS
_cARTS
_bben
041 _2ben
_aben
082 _aY1:1:12:2, 157J0
245 0 _aBharatiya samaj
260 _c1950
650 _aSOCIOLOGY
942 _hY1:1:12:2, 157J0
_cTEXL
_2CC
999 _c450728
_d450728